1645 1353 1536 1323 1494 1178 1577 1752 1018 1402 1802 1641 1524 1271 1312 1291 1263 1189 1289 1488 1182 1631 1672 1378 1876 1616 1551 1916 1635 1630 1979 1904 1565 1040 1606 1637 1194 1548 1651 1558 1708 1204 1430 1332 1307 1011 1883 1527 1007 1301 1096 1402 1206 1157 1877 1384 1889 1842 1709 1383 1136 1301 1310 1467 1395 1932 1706 1782 1283 1769 1654 1744 1741 1861 1760 1465 1640 1917 1594 1268 1151 1480 1533 1769 1201 1977 1691 1398 1307 1882 1504 1964 1113 1093 1263 1696 1560 1271 1437 BCNSPRNW ULIB Ver.6.0+V

เปลี่ยนเป็นภาษาไทย

Change to English
 แสดงรายละเอียดบรรณานุกรม
  กลับหน้าหลัก

Brief Record : Get Marc (ISO 2709) : E-mail record : QR code < ปิดหน้าต่าง
LEADER : 00000nam 2200000uu 4500
001    13399112311
003     ULIB
008    110804s2554||||th 000 0 tha d
020    9789741114351
060  4 WS200^bป319อ
245 00 Acute care pediatrics /^cบรรณาธิการ, ประพันธ์ อ่านเปรื่อง... [และคนอื่นๆ]
250    พิมพ์ครั้งที่ 1
260    กรุงเทพฯ :^bภาควิชากุมารเวชศาสตร์คณะแพทยศาสตร์ศิริราชพยาบาล มหาวิทยาลัยมหิดล,^c2554
300    552 หน้า :^bภาพประกอบ ;^c17 ซม.
650  7 โรค^xเด็ก
653    ผลงานอาจารย์คณะแพทยศาสตร์ศิริราชพยาบาล
700 0  ประพันธ์ อ่านเปรื่อง,^eบรรณาธิการ
710 2  มหาวิทยาลัยมหิดล. ^bคณะแพทยศาสตร์ศิริราชพยาบาล.^bภาควิชากุมารเวชศาสตร์
945    ^p0^l0^i030407
945    ^p0^l0^i030408
945    ^p0^l0^i031151
995    ทศพร
999 ^a ทศพร
รายการนี้ยังไม่มีแท็ก
คุณยังไม่ได้ล็อกอิน คุณสามารถมีกิจกรรมร่วมกับเว็บไซต์ได้ แต่ต้องล็อกอินก่อน ::
  ล็อกอิน

รายการสื่อสารสนเทศ

ลำดับที่ ประเภท เลขเรียก/บาร์โค้ด สถานที่ สถานะ
1. วิทยาศาสตร์การแพทย์ และสุขภาพ
หนังสือสำรอง
สถานะ=หนังสือสำรอง
WS200 ป319อ ฉ.1 
  Barcode: 030407
ห้องสมุดวิทยาเขตสวรรค์ประชารักษ์
►ส่วนจัดเก็บหนังสือเก่า สปร
บนชั้น
  ขอยืม
2. วิทยาศาสตร์การแพทย์ และสุขภาพ
วิทยาศาสตร์การแพทย์ และสุขภาพ
WS200 ป319อ ฉ.2 
  Barcode: 030408
ห้องสมุดวิทยาเขตสวรรค์ประชารักษ์
►ส่วนจัดเก็บหนังสือเก่า สปร
บนชั้น
  ขอยืม
3. วิทยาศาสตร์การแพทย์ และสุขภาพ
วิทยาศาสตร์การแพทย์ และสุขภาพ
WS200 ป319อ ฉ.3 
  Barcode: 031151
ห้องสมุดวิทยาเขตสวรรค์ประชารักษ์
►ส่วนจัดเก็บหนังสือเก่า สปร
บนชั้น
  ขอยืม

BibComment


ยังไม่เคยถูกคอมเมนท์

คอมเมนท์ทรัพยากรรายการนี้
  คอมเมนท์: Acute care pediat..


 Copyright 2026. Bcnsprnw @Library